000 00364nam a2200145Ia 4500
008 230917s9999||||xx |||||||||||||| ||und||
040 _e119801
_aMAIN
041 _aEnglish
082 _a541.3453 R18S
100 _aRao, S. Ramachandra
245 0 _aSurface phenomena
260 _aLondon
_bHuthinson Educational Ltd.
_c1972
300 _a159p. p.
942 _cBK
999 _c174141
_d174141